| 000 | 00730nam a22001817a 4500 | ||
|---|---|---|---|
| 005 | 20251108165804.0 | ||
| 008 | 250721s1997 xx 000 0 ara d | ||
| 082 | 1 | 4 | _aم/347.1/سرط |
| 100 | 1 | _aالسرطاوي، محمود علي | |
| 245 | 1 | 0 |
_aشرح قانون الأحوال الشخصية : _bيشمل على عقد الزواج و آثاره - إنحلال عقد الزواج - الآثار المترتبة على التفريق بين الزوجين و الولادة / |
| 264 | 1 |
_aعمان : _bدار الفكر للنشر و التوزيع، _c1997. |
|
| 300 | _a630ص. | ||
| 650 | 1 | 7 | _aالقانون المدني |
| 650 | 1 | 7 | _aالإسلام |
| 650 | 1 | 7 | _aالزواج |
| 942 |
_2ddc _cREF |
||
| 999 |
_c31344 _d31344 |
||